[Event "DEM U10w 2018"]
[Site "Willingen GER"]
[Date "2018.05.23"]
[Round "7"]
[White "Arnold, Rubina"]
[Black "Loos, Violeta"]
[Result "0-1"]
[Termination "normal"]
[Board "6"]
[WhiteElo "1133"]
[BlackElo "1023"]
[WhiteClock "00:45:55"]
[BlackClock "01:10:27"]
[PlyCount "40"]
[WhiteFideId "16276272"]
[BlackFideId "34605290"]
[EventCountry "GER"]
[EventRounds "11"]
[EventType "swiss"]
[EventDate "2018.05.19"]

1. e4 {[%clk 1:15:52]} 1... e5 {[%clk 1:15:57]} 2. Nf3 {[%clk 1:16:05]} 2...
Nf6 {[%clk 1:16:18]} 3. Nc3 {[%clk 1:16:27]} 3... Nc6 {[%clk 1:16:41]} 4. Bc4 {
[%clk 1:16:34]} 4... Nxe4 {[%clk 1:16:59]} 5. Bxf7+ {[%clk 1:14:19]} 5... Kxf7
{[%clk 1:16:38]} 6. Nxe4 {[%clk 1:14:29]} 6... d5 {[%clk 1:16:22]} 7. Ng3 {
[%clk 1:12:01]} 7... Bd6 {[%clk 1:16:11]} 8. d3 {[%clk 1:11:25]} 8... Rf8 {
[%clk 1:16:29]} 9. O-O {[%clk 1:10:05]} 9... Kg8 {[%clk 1:16:46]} 10. h3 {
[%clk 1:09:34]} 10... Ne7 {[%clk 1:13:59]} 11. h4 {[%clk 1:03:54]} 11... Bg4 {
[%clk 1:12:51]} 12. Re1 {[%clk 1:01:03]} 12... Nf5 {[%clk 1:11:58]} 13. Bg5 {
[%clk 0:59:54]} 13... Qe8 {[%clk 1:11:05]} 14. Nxf5 {[%clk 0:55:26]} 14... Rxf5
{[%clk 1:11:17]} 15. Qe2 {[%clk 0:53:00]} 15... h6 {[%clk 1:10:47]} 16. Bd2 {
[%clk 0:53:07]} 16... Rd8 {[%clk 1:10:25]} 17. Be3 {[%clk 0:48:46]} 17... Bxf3
{[%clk 1:10:13]} 18. gxf3 {[%clk 0:48:53]} 18... Qg6+ {[%clk 1:09:54]} 19. Kh1
{[%clk 0:47:48]} 19... Rh5 {[%clk 1:10:00]} 20. Kh2 {[%clk 0:45:55]} 20...
Rxh4# {[%clk 1:10:27]} 0-1

[Event "DEM U10w 2018"]
[Site "Willingen GER"]
[Date "2018.05.23"]
[Round "7"]
[White "Praus, Pia-Rosa"]
[Black "Mirnaya, Veronika"]
[Result "1/2-1/2"]
[Termination "normal"]
[Board "7"]
[WhiteElo "1055"]
[BlackElo "1036"]
[WhiteClock "00:35:00"]
[BlackClock "00:38:02"]
[PlyCount "91"]
[WhiteFideId "16271815"]
[BlackFideId "16277406"]
[EventCountry "GER"]
[EventRounds "11"]
[EventType "swiss"]
[EventDate "2018.05.19"]

1. d4 {[%clk 1:15:58]} 1... d5 {[%clk 1:15:50]} 2. Bf4 {[%clk 1:15:25]} 2... c5
{[%clk 1:16:00]} 3. e3 {[%clk 1:15:09]} 3... Nf6 {[%clk 1:15:40]} 4. c3 { [%clk
1:14:39]} 4... Nc6 {[%clk 1:15:47]} 5. Nd2 {[%clk 1:14:30]} 5... e6 { [%clk
1:14:34]} 6. Ngf3 {[%clk 1:14:00]} 6... Qb6 {[%clk 1:14:17]} 7. Qc2 { [%clk
1:13:53]} 7... Bd7 {[%clk 1:14:15]} 8. Bd3 {[%clk 1:13:18]} 8... Be7 { [%clk
1:13:29]} 9. Ne5 {[%clk 1:11:02]} 9... Rc8 {[%clk 0:56:26]} 10. Ndf3 { [%clk
0:55:19]} 10... Nxe5 {[%clk 0:54:49]} 11. Nxe5 {[%clk 0:53:30]} 11... Bd6
{[%clk 0:54:45]} 12. Qe2 {[%clk 0:49:22]} 12... c4 {[%clk 0:53:00]} 13. Bb1 {
[%clk 0:48:04]} 13... Bc7 {[%clk 0:49:46]} 14. O-O {[%clk 0:46:15]} 14... Bc6 {
[%clk 0:47:42]} 15. Qc2 {[%clk 0:40:12]} 15... Nd7 {[%clk 0:46:20]} 16. b3 {
[%clk 0:36:32]} 16... Bxe5 {[%clk 0:44:06]} 17. Bxe5 {[%clk 0:36:25]} 17...
Nxe5 {[%clk 0:44:16]} 18. dxe5 {[%clk 0:36:32]} 18... Bb5 {[%clk 0:43:40]} 19.
Re1 {[%clk 0:35:43]} 19... Qa5 {[%clk 0:42:29]} 20. b4 {[%clk 0:35:40]} 20...
Qc7 {[%clk 0:42:39]} 21. a4 {[%clk 0:35:46]} 21... Bd7 {[%clk 0:42:22]} 22. Qd2
{[%clk 0:35:38]} 22... Qxe5 {[%clk 0:42:16]} 23. Qd4 {[%clk 0:35:02]} 23...
Qxd4 {[%clk 0:42:12]} 24. exd4 {[%clk 0:35:25]} 24... O-O {[%clk 0:42:30]} 25.
Re3 {[%clk 0:34:24]} 25... Rcd8 {[%clk 0:41:09]} 26. Rh3 {[%clk 0:34:30]} 26...
h6 27. Bc2 27... f6 {[%clk 0:39:28]} 28. Re1 {[%clk 0:34:28]} 28... e5 { [%clk
0:39:39]} 29. Rg3 {[%clk 0:34:29]} 29... exd4 {[%clk 0:39:17]} 30. Re7 { [%clk
0:34:38]} 30... Rf7 {[%clk 0:39:21]} 31. Rxf7 {[%clk 0:35:01]} 31... Kxf7
{[%clk 0:39:42]} 32. cxd4 {[%clk 0:34:59]} 32... Re8 {[%clk 0:39:59]} 33. Bg6+
{[%clk 0:35:03]} 33... Kf8 {[%clk 0:39:51]} 34. Bxe8 {[%clk 0:35:14]} 34...
Bxe8 {[%clk 0:40:13]} 35. b5 {[%clk 0:35:37]} 35... a6 {[%clk 0:40:15]} 36.
bxa6 {[%clk 0:35:56]} 36... bxa6 {[%clk 0:40:37]} 37. a5 {[%clk 0:36:19]} 37...
g6 {[%clk 0:40:20]} 38. Re3 {[%clk 0:36:39]} 38... Kf7 {[%clk 0:40:06]} 39. Kf1
{[%clk 0:36:59]} 39... Bd7 {[%clk 0:40:11]} 40. Re2 {[%clk 0:36:05]} 40... Bf5
{[%clk 0:39:30]} 41. Ke1 {[%clk 0:35:00]} 41... Bd3 {[%clk 0:39:25]} 42. Rd2 {
[%clk 0:34:51]} 42... Ke6 {[%clk 0:39:41]} 43. Rb2 {[%clk 0:35:00]} 43... Kf5 {
[%clk 0:37:37]} 44. Kd2 {[%clk 0:35:16]} 44... Ke4 {[%clk 0:37:39]} 45. Rb6 {
[%clk 0:35:00]} 45... Kxd4 {[%clk 0:38:02]} 46. Rxf6 {[%clk 0:35:00]} 1/2-1/2

[Event "DEM U10w 2018"]
[Site "Willingen GER"]
[Date "2018.05.23"]
[Round "7"]
[White "Englert, Lin"]
[Black "Loos, Tilda"]
[Result "1-0"]
[Termination "normal"]
[Board "8"]
[WhiteElo "1316"]
[BlackElo "1091"]
[WhiteClock "00:37:16"]
[BlackClock "00:38:54"]
[PlyCount "193"]
[WhiteFideId "16226410"]
[BlackFideId "34620559"]
[EventCountry "GER"]
[EventRounds "11"]
[EventType "swiss"]
[EventDate "2018.05.19"]

1. e4 {[%clk 1:15:59]} 1... c5 {[%clk 1:15:55]} 2. Nf3 {[%clk 1:16:25]} 2... e6
{[%clk 1:16:12]} 3. d4 {[%clk 1:16:44]} 3... cxd4 {[%clk 1:16:27]} 4. Nxd4 {
[%clk 1:17:04]} 4... Nf6 {[%clk 1:16:49]} 5. Bd3 {[%clk 1:17:25]} 5... Nc6 {
[%clk 1:16:28]} 6. Nxc6 {[%clk 1:17:31]} 6... bxc6 {[%clk 1:16:47]} 7. O-O {
[%clk 1:17:31]} 7... d5 {[%clk 1:16:20]} 8. Nd2 {[%clk 1:17:31]} 8... Be7 {
[%clk 1:16:21]} 9. b3 {[%clk 1:17:23]} 9... O-O {[%clk 1:13:26]} 10. Qe2 {
[%clk 1:16:33]} 10... Bb7 {[%clk 1:10:52]} 11. Bb2 {[%clk 1:16:00]} 11... Qc7 {
[%clk 0:59:52]} 12. Nf3 {[%clk 1:13:20]} 12... Nd7 {[%clk 0:57:52]} 13. c4 {
[%clk 1:10:38]} 13... Nc5 {[%clk 0:53:19]} 14. Bc2 {[%clk 1:10:29]} 14... f5 {
[%clk 0:52:14]} 15. exf5 {[%clk 1:06:39]} 15... exf5 {[%clk 0:52:10]} 16. Nd2 {
[%clk 1:03:47]} 16... Rae8 {[%clk 0:51:04]} 17. Qh5 {[%clk 1:02:49]} 17... Ne4
{[%clk 0:45:42]} 18. Nxe4 {[%clk 1:03:00]} 18... fxe4 {[%clk 0:45:35]} 19. Qg4
{[%clk 1:02:25]} 19... Rf7 {[%clk 0:44:28]} 20. Rae1 {[%clk 1:02:20]} 20... Bd6
{[%clk 0:42:36]} 21. Re3 {[%clk 0:58:28]} 21... Bxh2+ {[%clk 0:42:15]} 22. Kh1
{[%clk 0:58:21]} 22... Ref8 {[%clk 0:42:07]} 23. f3 {[%clk 0:54:49]} 23... Qd6
{[%clk 0:40:55]} 24. Bd4 {[%clk 0:52:49]} 24... Qh6 {[%clk 0:38:27]} 25. Qh3 {
[%clk 0:52:14]} 25... Qxh3 {[%clk 0:37:16]} 26. gxh3 {[%clk 0:52:38]} 26... Bd6
{[%clk 0:37:15]} 27. Kg2 {[%clk 0:51:49]} 27... c5 {[%clk 0:37:04]} 28. Bb2 {
[%clk 0:51:30]} 28... d4 {[%clk 0:37:21]} 29. Ree1 {[%clk 0:51:35]} 29... exf3+
{[%clk 0:37:18]} 30. Kf2 {[%clk 0:51:52]} 30... Bc6 {[%clk 0:36:13]} 31. Re6 {
[%clk 0:50:23]} 31... Rf6 {[%clk 0:36:07]} 32. Rfe1 {[%clk 0:49:40]} 32... Kf7
{[%clk 0:35:58]} 33. Rxf6+ {[%clk 0:48:54]} 33... Kxf6 {[%clk 0:36:11]} 34.
Bxh7 {[%clk 0:43:05]} 34... Kg5 {[%clk 0:35:58]} 35. Be4 {[%clk 0:36:58]} 35...
Bxe4 {[%clk 0:35:25]} 36. Rxe4 {[%clk 0:37:03]} 36... d3 {[%clk 0:35:38]} 37.
Bc1+ {[%clk 0:37:03]} 37... Kh5 {[%clk 0:35:35]} 38. Re3 {[%clk 0:34:55]} 38...
Kh4 {[%clk 0:35:22]} 39. Rxf3 {[%clk 0:33:31]} 39... Rxf3+ {[%clk 0:35:19]} 40.
Kxf3 {[%clk 0:33:38]} 40... Kxh3 {[%clk 0:35:40]} 41. Ke3 {[%clk 0:34:03]}
41... g5 {[%clk 0:35:47]} 42. Kxd3 {[%clk 0:34:09]} 42... g4 {[%clk 0:36:09]}
43. Ke4 {[%clk 0:34:13]} 43... g3 {[%clk 0:36:02]} 44. Be3 {[%clk 0:34:30]}
44... g2 {[%clk 0:36:23]} 45. Kd5 {[%clk 0:34:53]} 45... Bf8 {[%clk 0:36:32]}
46. Kc6 {[%clk 0:35:15]} 46... Kh2 {[%clk 0:36:55]} 47. Kb7 {[%clk 0:35:17]}
47... Kg3 {[%clk 0:36:42]} 48. Kxa7 {[%clk 0:35:16]} 48... Kf3 {[%clk 0:37:06]}
49. Bg1 {[%clk 0:35:38]} 49... Bh6 {[%clk 0:36:25]} 50. a4 {[%clk 0:35:43]}
50... Be3 {[%clk 0:36:42]} 51. Bh2 {[%clk 0:36:09]} 51... Kg4 {[%clk 0:36:56]}
52. a5 {[%clk 0:36:28]} 52... Kh3 {[%clk 0:37:14]} 53. Bd6 {[%clk 0:36:48]}
53... g1=Q 54. a6 54... Qg7+ {[%clk 0:36:52]} 55. Kb6 {[%clk 0:36:38]} 55...
Qd7 {[%clk 0:36:41]} 56. Bc7 {[%clk 0:36:19]} 56... Qe6+ {[%clk 0:36:25]} 57.
Kb7 {[%clk 0:36:32]} 57... Qe4+ {[%clk 0:36:24]} 58. Kb8 {[%clk 0:36:42]} 58...
Bf4 {[%clk 0:34:34]} 59. Bxf4 {[%clk 0:34:50]} 59... Qxf4+ {[%clk 0:34:55]} 60.
Kb7 {[%clk 0:35:09]} 60... Qd6 {[%clk 0:34:42]} 61. a7 {[%clk 0:34:53]} 61...
Qd7+ {[%clk 0:34:53]} 62. Kb6 {[%clk 0:35:16]} 62... Qd8+ {[%clk 0:34:51]} 63.
Kb7 {[%clk 0:35:36]} 63... Qd7+ {[%clk 0:35:03]} 64. Kb8 {[%clk 0:34:28]} 64...
Qd6+ {[%clk 0:34:19]} 65. Kb7 {[%clk 0:34:51]} 65... Qe7+ {[%clk 0:33:53]} 66.
Kb8 {[%clk 0:34:46]} 66... Qd8+ {[%clk 0:34:10]} 67. Kb7 {[%clk 0:35:10]} 67...
Qd7+ {[%clk 0:34:09]} 68. Kb8 {[%clk 0:35:08]} 68... Qd6+ {[%clk 0:33:14]} 69.
Kb7 {[%clk 0:35:23]} 69... Kg4 {[%clk 0:32:11]} 70. a8=Q {[%clk 0:34:30]} 70...
Qd7+ {[%clk 0:32:29]} 71. Kb6 {[%clk 0:34:39]} 71... Qd6+ {[%clk 0:32:01]} 72.
Kb5 {[%clk 0:34:16]} 72... Qd7+ {[%clk 0:32:04]} 73. Qc6 {[%clk 0:34:17]} 73...
Qa7 {[%clk 0:32:06]} 74. Qb6 {[%clk 0:32:45]} 74... Qd7+ {[%clk 0:32:19]} 75.
Ka5 {[%clk 0:32:58]} 75... Kf5 {[%clk 0:32:29]} 76. Qxc5+ {[%clk 0:32:49]}
76... Ke6 {[%clk 0:32:47]} 77. Qd5+ {[%clk 0:31:46]} 77... Qxd5+ { [%clk
0:32:36]} 78. cxd5+ {[%clk 0:32:11]} 78... Kxd5 {[%clk 0:32:51]} 79. b4 { [%clk
0:32:33]} 79... Kc6 {[%clk 0:33:11]} 80. Ka6 {[%clk 0:32:55]} 80... Kc7 { [%clk
0:33:32]} 81. b5 {[%clk 0:32:31]} 81... Kb8 {[%clk 0:33:49]} 82. Kb6 { [%clk
0:32:47]} 82... Ka8 {[%clk 0:34:07]} 83. Kc7 {[%clk 0:33:11]} 83... Ka7 { [%clk
0:34:31]} 84. b6+ {[%clk 0:33:36]} 84... Ka6 {[%clk 0:34:39]} 85. b7 { [%clk
0:34:00]} 85... Kb5 {[%clk 0:35:02]} 86. b8=Q+ {[%clk 0:34:21]} 86... Kc4
{[%clk 0:35:30]} 87. Kc6 {[%clk 0:34:31]} 87... Kd4 {[%clk 0:35:47]} 88. Qb5 {
[%clk 0:34:32]} 88... Ke4 {[%clk 0:36:11]} 89. Qd5+ {[%clk 0:34:45]} 89... Kf4
{[%clk 0:36:33]} 90. Qe6 {[%clk 0:34:46]} 90... Kg5 {[%clk 0:36:49]} 91. Qf7 {
[%clk 0:35:02]} 91... Kh6 {[%clk 0:37:11]} 92. Qg8 {[%clk 0:35:21]} 92... Kh5 {
[%clk 0:37:32]} 93. Kd5 {[%clk 0:35:47]} 93... Kh4 {[%clk 0:37:53]} 94. Ke4 {
[%clk 0:36:13]} 94... Kh5 {[%clk 0:38:11]} 95. Kf4 {[%clk 0:36:31]} 95... Kh6 {
[%clk 0:38:29]} 96. Kf5 {[%clk 0:36:51]} 96... Kh5 {[%clk 0:38:54]} 97. Qg5# {
[%clk 0:37:16]} 1-0

[Event "DEM U10w 2018"]
[Site "Willingen GER"]
[Date "2018.05.23"]
[Round "7"]
[White "Wilmink, Anna"]
[Black "Bone, Annalena"]
[Result "1-0"]
[Termination "normal"]
[Board "10"]
[WhiteElo "1137"]
[BlackElo "990"]
[PlyCount "93"]
[WhiteFideId "16273680"]
[BlackFideId "16284453"]
[EventCountry "GER"]
[EventRounds "11"]
[EventType "swiss"]
[EventDate "2018.05.19"]

1. e4 e5 2. Nf3 Nc6 3. d4 exd4 4. Nxd4 Nf6 5. Nc3 Bb4 6. Nxc6 bxc6 7. Bd3 d5 8.
exd5 cxd5 9. O-O O-O 10. Bg5 c6 11. Qf3 Bd6 12. Bxf6 Qxf6 13. Qxf6 gxf6 14.
Rfe1 Rb8 15. Rab1 Be5 16. h3 Be6 17. Nd1 c5 18. Rf1 c4 19. Be2 d4 20. f4 Bd6
21. Rf3 Bd5 22. Rg3+ Kh8 23. Rg4 c3 24. b3 Be4 25. Rc1 Bf5 26. Rh4 Bc5 27. Nf2
Rfe8 28. Rh5 Bg6 29. Rxc5 Rxe2 30. f5 Bh5 31. g4 Rg8 32. Kf1 Re3 33. gxh5 Rf8
34. h6 Rg3 35. Ke2 Re3+ 36. Kf1 Rf3 37. Rd1 Rg8 38. Rxd4 Re3 39. Rdc4 Ree8 40.
Ng4 Rgf8 41. Nxf6 Rd8 42. Rxc3 Rg8 43. Nxg8 a5 44. Nf6 Rd1+ 45. Ke2 Rd8 46. Rc8
Rxc8 47. Rxc8# 1-0

[Event "DEM U10w 2018"]
[Site "Willingen GER"]
[Date "2018.05.23"]
[Round "7"]
[White "Bako, Evelin"]
[Black "Schwenke, Mia"]
[Result "1/2-1/2"]
[Termination "normal"]
[Board "11"]
[WhiteElo "971"]
[BlackElo "1062"]
[PlyCount "138"]
[WhiteFideId "16271823"]
[BlackFideId "16263332"]
[EventCountry "GER"]
[EventRounds "11"]
[EventType "swiss"]
[EventDate "2018.05.19"]

1. d4 Nf6 2. Nf3 g6 3. e3 c5 4. Bd3 Bg7 5. Nbd2 d6 6. b3 O-O 7. Bb2 Nc6 8. O-O
Bd7 9. dxc5 dxc5 10. c4 Qc7 11. e4 Ng4 12. Bxg7 Kxg7 13. Re1 Nd4 14. e5 f6 15.
exf6+ Rxf6 16. g3 Bc6 17. Be4 Qd7 18. h3 Nh6 19. Nxd4 Qxd4 20. Re2 Raf8 21. Nf3
Qxd1+ 22. Rxd1 Bxe4 23. Ng5 Bc6 24. Rxe7+ Nf7 25. Rde1 h6 26. Ne6+ Kg8 27. Nxf8
Kxf8 28. a3 Ng5 29. h4 Nf3+ 30. Kf1 Nxe1 31. Rxe1 b5 32. Rd1 a5 33. Rd8+ Kg7
34. Rc8 b4 35. Rc7+ Kf8 36. Rc8+ Be8 37. axb4 cxb4 38. Rb8 Rd6 39. c5 Rc6 40.
Rb5 Ra6 41. Rb8 a4 42. bxa4 Rxa4 43. c6 Ra1+ 44. Kg2 Rc1 45. Rxb4 Bxc6+ 46. Kh3
Rh1+ 47. Kg4 h5+ 48. Kg5 Rf1 49. Rf4+ Ke8 50. Kxg6 Re1 51. Kxh5 Re5+ 52. Kg6
Be4+ 53. Kf6 Re7 54. h5 Rf7+ 55. Kg5 Rg7+ 56. Kh6 Rh7+ 57. Kg5 Rg7+ 58. Kh4 Bd3
59. g4 Ke7 60. h6 Rh7 61. g5 Ke6 62. Kh5 Ke5 63. g6 Kxf4 64. gxh7 Be2+ 65. Kg6
Bd3+ 66. Kf7 Bc4+ 67. Kg6 Bd3+ 68. Kf7 Bc4+ 69. Kg6 Bd3+ 1/2-1/2

[Event "DEM U10w 2018"]
[Site "Willingen GER"]
[Date "2018.05.23"]
[Round "7"]
[White "Scheerer, Amelie"]
[Black "Klonov, Sofia"]
[Result "0-1"]
[Termination "normal"]
[Board "12"]
[WhiteElo "957"]
[BlackElo "1028"]
[PlyCount "86"]
[WhiteFideId "16275772"]
[BlackFideId "16226240"]
[EventCountry "GER"]
[EventRounds "11"]
[EventType "swiss"]
[EventDate "2018.05.19"]

1. e4 c5 2. Nc3 Nc6 3. Bb5 g6 4. Bxc6 bxc6 5. f4 Bg7 6. Nf3 d5 7. d3 dxe4 8.
Nxe4 Nf6 9. O-O O-O 10. Qe1 Bf5 11. Nxf6+ Bxf6 12. Ng5 h6 13. Nf3 Bg7 14. Be3
Rb8 15. Rb1 Bxb2 16. Bxc5 a6 17. Bd4 Bxd4+ 18. Nxd4 Qxd4+ 19. Kh1 Rxb1 20. Qxb1
Qd5 21. Re1 Bh3 22. Rg1 Bf5 23. Re1 Re8 24. Rd1 Bh3 25. Rg1 Bf5 26. Rd1 Qb5 27.
Qa1 Rb8 28. h3 Qb2 29. Rc1 Qxa1 30. Rxa1 Rb2 31. c3 Bxd3 32. a4 Rb1+ 33. Rxb1
Bxb1 34. Kh2 Kg7 35. g4 Kf6 36. h4 g5 37. h5 gxf4 38. Kg2 Kg5 39. Kf3 Bc2 40.
a5 f5 41. gxf5 Bxf5 42. c4 c5 43. Kf2 Bd3 0-1

[Event "DEM U10w 2018"]
[Site "Willingen GER"]
[Date "2018.05.23"]
[Round "7"]
[White "Bangiev, Katharina"]
[Black "Muhina, Alina"]
[Result "1-0"]
[Termination "normal"]
[Board "13"]
[WhiteElo "1009"]
[BlackElo "948"]
[PlyCount "107"]
[WhiteFideId "16267230"]
[BlackFideId "16298322"]
[EventCountry "GER"]
[EventRounds "11"]
[EventType "swiss"]
[EventDate "2018.05.19"]

1. e4 c6 2. d4 d5 3. Nc3 dxe4 4. Nxe4 Nf6 5. Nxf6+ exf6 6. Nf3 Bg4 7. Be3 Bd6
8. h3 Bxf3 9. Qxf3 O-O 10. Bd3 Nd7 11. O-O Rc8 12. Qg4 Bb8 13. Bh6 g6 14. Bxf8
Nxf8 15. Rfe1 Qc7 16. g3 Ne6 17. c3 c5 18. dxc5 Nxc5 19. Bf5 Rd8 20. Rad1 Rf8
21. Bc2 Qb6 22. b4 Ne6 23. Rd2 h5 24. Qf3 Ng5 25. Qg2 Bxg3 26. Qxg3 h4 27. Qe3
Qe6 28. Qxe6 fxe6 29. Re3 f5 30. Rd7 f4 31. Red3 e5 32. c4 e4 33. Rd2 Nf3+ 34.
Kg2 Ne1+ 35. Kf1 Nxc2 36. Rxc2 e3 37. fxe3 fxe3+ 38. Ke2 Rf2+ 39. Kd1 Rxc2 40.
Kxc2 e2 41. Kd2 e1=Q+ 42. Kxe1 Kf8 43. Rxb7 g5 44. Kf2 a6 45. Kf3 Ke8 46. b5
axb5 47. cxb5 Kd8 48. b6 Kc8 49. Rh7 Kb8 50. Ke4 Ka8 51. Kd5 g4 52. hxg4 h3 53.
Kc6 Kb8 54. Rh8# 1-0

[Event "DEM U10w 2018"]
[Site "Willingen GER"]
[Date "2018.05.23"]
[Round "7"]
[White "Trunz, Tamila"]
[Black "Petrosyan, Ani"]
[Result "1-0"]
[Termination "normal"]
[Board "14"]
[WhiteElo "1046"]
[BlackElo "1331"]
[PlyCount "61"]
[WhiteFideId "16267885"]
[BlackFideId "16248015"]
[EventCountry "GER"]
[EventRounds "11"]
[EventType "swiss"]
[EventDate "2018.05.19"]

1. e4 c6 2. Nf3 d5 3. exd5 cxd5 4. d4 Bg4 5. Nc3 Nc6 6. Bb5 Nf6 7. Bg5 e6 8.
O-O Be7 9. Qd3 O-O 10. Bxc6 bxc6 11. Ne5 Bf5 12. Qd2 Ne4 13. Nxe4 Bxe4 14. Bxe7
Qxe7 15. Nxc6 Qc7 16. Nb4 Rfe8 17. c3 Rab8 18. Na6 Qb6 19. Nxb8 Rxb8 20. b3 f6
21. c4 dxc4 22. bxc4 Qc6 23. Rfd1 Qxc4 24. f3 Bd5 25. Rac1 Qa6 26. Qc2 Qd6 27.
Qc7 Qxc7 28. Rxc7 a6 29. Ra7 Rb6 30. Rc1 Bxa2 31. Rc8# 1-0

[Event "DEM U10w 2018"]
[Site "Willingen GER"]
[Date "2018.05.23"]
[Round "7"]
[White "Schupfer, Victoria"]
[Black "Fischer, Juliane"]
[Result "1-0"]
[Termination "normal"]
[Board "15"]
[WhiteElo "958"]
[BlackElo "929"]
[PlyCount "107"]
[BlackFideId "16290135"]
[EventCountry "GER"]
[EventRounds "11"]
[EventType "swiss"]
[EventDate "2018.05.19"]

1. e4 e5 2. Nf3 Nc6 3. Bc4 Bc5 4. d3 h6 5. Nc3 Nf6 6. Be3 d6 7. h3 Be6 8. Bb3
O-O 9. O-O Nd4 10. Ne2 Nxf3+ 11. Kh1 Nd4 12. Ng3 Bxb3 13. axb3 Ne6 14. Qf3 Bxe3
15. fxe3 Nh7 16. Nf5 Qg5 17. h4 Qg6 18. Ne7+ Kh8 19. Nxg6+ fxg6 20. Qg3 g5 21.
hxg5 Nhxg5 22. c3 Nc5 23. b4 Nxd3 24. b3 Nxe4 25. Qh4 Rf6 26. Qxe4 Nf2+ 27.
Rxf2 Rxf2 28. Qxb7 Raf8 29. Qxc7 Rb2 30. Rxa7 Rb1+ 31. Kh2 Rg8 32. b5 Rxb3 33.
b6 d5 34. b7 Rb2 35. Qa5 Rb3 36. Ra8 Rxb7 37. Qxd5 Rbb8 38. Rxb8 Rxb8 39. Qxe5
Rc8 40. e4 Kg8 41. Qe6+ Kh7 42. Qxc8 g6 43. Qb7+ Kh8 44. c4 g5 45. c5 g4 46. c6
g3+ 47. Kxg3 h5 48. c7 Kh7 49. c8=R+ Kh6 50. Rc5 h4+ 51. Kxh4 Kg6 52. Qb6+ Kf7
53. Rc7+ Ke8 54. Qb8# 1-0

[Event "DEM U10w 2018"]
[Site "Willingen GER"]
[Date "2018.05.23"]
[Round "7"]
[White "Hengst, Sarah"]
[Black "Chassard, Cecilia"]
[Result "1-0"]
[Termination "normal"]
[Board "17"]
[WhiteElo "878"]
[BlackElo "821"]
[PlyCount "67"]
[WhiteFideId "16286030"]
[BlackFideId "16271831"]
[EventCountry "GER"]
[EventRounds "11"]
[EventType "swiss"]
[EventDate "2018.05.19"]

1. e4 e5 2. Nf3 Nc6 3. Nc3 Nf6 4. d4 exd4 5. Nxd4 Be7 6. Nxc6 bxc6 7. Bc4 O-O
8. O-O d6 9. Bg5 Be6 10. Bxe6 fxe6 11. Qf3 Nd7 12. Qg4 Bxg5 13. Qxe6+ Kh8 14.
Ne2 Rf6 15. Qh3 Rb8 16. Ng3 h6 17. Nf5 Rxb2 18. Rfd1 Rxc2 19. Rd3 g6 20. Nxh6
Bxh6 21. Qxh6+ Kg8 22. Rh3 Kf7 23. Qg5 Qg8 24. Re1 Rfxf2 25. Rg3 Rxa2 26. Rd1
Qg7 27. h3 Qf6 28. Qg4 Ne5 29. Qc8 Qh4 30. Qxc7+ Ke6 31. Qxd6+ Kf7 32. Qxe5 Qf6
33. Qc7+ Kg8 34. Rd8+ 1-0

[Event "DEM U10w 2018"]
[Site "Willingen GER"]
[Date "2018.05.24"]
[Round "8"]
[White "Stepanjan, Marianne"]
[Black "Bräutigam, Katerina"]
[Result "0-1"]
[Termination "normal"]
[Board "1"]
[WhiteElo "1246"]
[BlackElo "1728"]
[WhiteClock "00:10:11"]
[BlackClock "00:12:44"]
[PlyCount "100"]
[WhiteFideId "16246110"]
[BlackFideId "16242980"]
[EventCountry "GER"]
[EventRounds "11"]
[EventType "swiss"]
[EventDate "2018.05.19"]

1. e4 {[%clk 1:15:57]} 1... d5 {[%clk 1:15:55]} 2. exd5 {[%clk 1:16:15]} 2...
Qxd5 {[%clk 1:16:13]} 3. Nc3 {[%clk 1:16:35]} 3... Qa5 {[%clk 1:16:35]} 4. d4 {
[%clk 1:16:52]} 4... Nf6 {[%clk 1:16:51]} 5. Bd2 {[%clk 1:16:10]} 5... c6 {
[%clk 1:16:22]} 6. Bc4 {[%clk 1:15:44]} 6... Qb6 {[%clk 1:16:30]} 7. Bc1 {
[%clk 1:09:47]} 7... Bf5 {[%clk 1:16:07]} 8. d5 {[%clk 1:04:07]} 8... cxd5 {
[%clk 1:05:19]} 9. Nxd5 {[%clk 1:02:01]} 9... Nxd5 {[%clk 1:04:27]} 10. Qxd5 {
[%clk 0:56:51]} 10... Be6 {[%clk 1:00:24]} 11. Qb5+ {[%clk 0:54:40]} 11... Qxb5
{[%clk 1:00:01]} 12. Bxb5+ {[%clk 0:55:04]} 12... Nd7 {[%clk 0:59:49]} 13. Bf4
{[%clk 0:54:35]} 13... Rc8 {[%clk 0:59:06]} 14. c3 {[%clk 0:52:13]} 14... a6 {
[%clk 0:57:32]} 15. Ba4 {[%clk 0:51:55]} 15... Rc4 {[%clk 0:52:37]} 16. Bxd7+ {
[%clk 0:52:18]} 16... Bxd7 {[%clk 0:52:59]} 17. Be3 {[%clk 0:51:37]} 17... Rg4
{[%clk 0:51:59]} 18. g3 {[%clk 0:50:42]} 18... Bc6 {[%clk 0:51:49]} 19. f3 {
[%clk 0:50:58]} 19... Rg6 {[%clk 0:51:06]} 20. Rd1 {[%clk 0:49:28]} 20... e6 {
[%clk 0:49:39]} 21. Bb6 {[%clk 0:49:24]} 21... Be7 {[%clk 0:49:48]} 22. Kf2 {
[%clk 0:48:50]} 22... O-O {[%clk 0:48:04]} 23. Ne2 {[%clk 0:46:03]} 23... Rf6 {
[%clk 0:46:20]} 24. Rd3 {[%clk 0:44:21]} 24... e5 {[%clk 0:45:44]} 25. Bc7 {
[%clk 0:43:33]} 25... e4 {[%clk 0:43:36]} 26. Re3 {[%clk 0:42:55]} 26... Bc5 {
[%clk 0:42:47]} 27. Nd4 {[%clk 0:43:08]} 27... exf3 {[%clk 0:41:23]} 28. b4 {
[%clk 0:36:37]} 28... Ba7 {[%clk 0:36:01]} 29. Rd1 {[%clk 0:35:58]} 29... Rc8 {
[%clk 0:34:04]} 30. Be5 {[%clk 0:34:15]} 30... Rh6 {[%clk 0:32:44]} 31. h4 {
[%clk 0:33:20]} 31... b5 {[%clk 0:27:22]} 32. Rc1 {[%clk 0:26:26]} 32... Bd5 {
[%clk 0:24:31]} 33. a3 {[%clk 0:25:06]} 33... Rg6 {[%clk 0:22:44]} 34. Rce1 {
[%clk 0:23:36]} 34... h6 {[%clk 0:22:26]} 35. Ra1 {[%clk 0:17:26]} 35... Bc6 {
[%clk 0:18:41]} 36. Ree1 {[%clk 0:15:10]} 36... Rd8 {[%clk 0:18:04]} 37. Bf4 {
[%clk 0:14:02]} 37... Bxd4+ {[%clk 0:14:09]} 38. cxd4 {[%clk 0:14:22]} 38...
Rxd4 {[%clk 0:14:33]} 39. Rac1 {[%clk 0:13:41]} 39... Rd3 {[%clk 0:08:27]} 40.
Ra1 {[%clk 0:12:20]} 40... Rb3 {[%clk 0:04:59]} 41. Rec1 {[%clk 0:10:04]} 41...
Rb2+ {[%clk 0:15:17]} 42. Ke3 {[%clk 0:20:44]} 42... Re6+ {[%clk 0:15:05]} 43.
Kd4 {[%clk 0:19:16]} 43... Rbe2 {[%clk 0:14:59]} 44. Kd3 {[%clk 0:18:46]} 44...
f2 {[%clk 0:14:53]} 45. Rxc6 {[%clk 0:19:07]} 45... Re1 {[%clk 0:14:27]} 46.
Rc8+ {[%clk 0:14:30]} 46... Kh7 {[%clk 0:14:42]} 47. Rcc1 {[%clk 0:12:19]}
47... f1=Q+ {[%clk 0:14:51]} 48. Kd4 {[%clk 0:11:23]} 48... R1e4+ { [%clk
0:12:44]} 49. Kc5 {[%clk 0:11:03]} 49... Rc4+ {[%clk 0:12:27]} 50. Rxc4 { [%clk
0:10:11]} 50... Qxc4# {[%clk 0:12:44]} 0-1